Państwa graniczące z Demokratyczną Republiką Konga - nagła śmierć - Statystyki

Ogólne statystyki
  • Ten quiz został rozwiązany 14 razy
  • Średni wynik to 4 z 9
Answers on the Grid
Answers color-coded by a green-red scale on the quiz's grid according to % correct below.
Angola
Botswana
Burundi
Czad
Gabon
Gwinea Bissau
Kamerun
Kenia
Kongo
Malawi
Namibia
Niger
Republika Środkowoafrykańska
Rwanda
Sudan
Sudan Południowy
Tanzania
Uganda
Zambia
Zimbabwe
 
Statystyki odpowiedzi
Odpowiedź % Poprawnych
Kongo
67%
Republika Środkowoafrykańska
67%
Angola
50%
Tanzania
50%
Uganda
50%
Burundi
33%
Rwanda
33%
Sudan Południowy
33%
Zambia
17%
Nie znaleziono quizów pasujących do podanych kryteriów
Rozkład punktacji
Procent ludzi z każdym wynikiem
Percentyl według liczby udzielonych odpowiedzi
Twoja historia wyników
Nie rozwiązałeś tego quizu